[Event "80th ARM-ch 1st League 2019"]
[Site "Yerevan"]
[Date "2019.08.30"]
[Round "12.5"]
[White "Mikaelyan, Arman"]
[Black "Baghdasaryan, Vahe"]
[Result "1-0"]
[WhiteElo "2454"]
[BlackElo "2373"]
[Annotator "ChessBase"]
[PlyCount "71"]
[EventDate "2019.08.18"]
[EventType "tourn"]
[EventCountry "ARM"]
[SourceTitle "playchess.com"]
[Source "ChessBase"]
[SourceQuality "1"]
[TimeControl "40/5400+30:1800+30"]

1. c4 {[%emt 0:00:00]} c5 {[%emt 0:05:04]} 2. Nf3 {[%emt 0:00:09]} g6 {[%emt 0:01:30]} 3. d4 {[%emt 0:04:02]} cxd4 {[%emt 0:06:59]} 4. Nxd4 {[%emt 0:00:06]} Bg7 {[%emt 0:00:26]} 5. e4 {[%emt 0:01:08]} Nc6 {[%emt 0:08:12]} 6. Be3 {[%emt 0:00:50]} Nf6 {[%emt 0:02:18]} 7. Nc3 {[%emt 0:01:00]} Ng4 {[%emt 0:02:05]} 8. Qxg4 {[%emt 0:00:41]} Nxd4 {[%emt 0:00:28]} 9. Qd1 {[%emt 0:00:25]} Nc6 {[%emt 0:06:21]} 10. Rc1 {[%emt 0:02:59]} d6 {[%emt 0:00:18]} 11. Be2 {[%emt 0:00:13]} O-O {[%emt 0:05:41]} 12. O-O {[%emt 0:00:16]} b6 {[%emt 0:00:31]} 13. Qd2 {[%emt 0:02:04]} Bb7 {[%emt 0:08:04]} 14. b3 {[%emt 0:00:06]} Rc8 {[%emt 0:03:27]} 15. f4 {[%emt 0:00:07]} Rc7 {[%emt 0:10:36]} 16. h3 {[%emt 0:01:16]} Rd7 {[%emt 0:04:35]} 17. Kh1 {[%emt 0:09:02]} e6 {[%emt 0:01:46]} 18. f5 {[%emt 0:01:27]} Ne5 {[%emt 0:00:33]} 19. Bg5 {[%emt 0:05:23]} f6 {[%emt 0:02:53]} 20. fxe6 {[%emt 0:01:09]} Re7 {[%emt 0:00:05]} 21. Bh4 {[%emt 0:03:38]} Rxe6 {[%emt 0:00:34]} 22. Rcd1 {[%emt 0:00:37]} Qa8 {[%emt 0:07:21]} 23. Nd5 {[%emt 0:03:25]} f5 {[%emt 0:00:35]} 24. Nc7 {[%emt 0:06:25]} Qc8 {[%emt 0:01:33]} 25. Nxe6 {[%emt 0:00:08]} Qxe6 {[%emt 0:00:06]} 26. Qxd6 {[%emt 0:00:43]} Qxd6 {[%emt 0:02:49]} 27. Rxd6 {[%emt 0:00:04]} Bxe4 {[%emt 0:00:09]} 28. Bg3 {[%emt 0:05:08]} Re8 {[%emt 0:01:02]} 29. c5 {[%emt 0:11:35]} bxc5 {[%emt 0:01:16]} 30. Rfd1 {[%emt 0:00:11]} Kf7 {[%emt 0:07:42]} 31. Rd8 {[%emt 0:04:46]} Re7 {[%emt 0:01:59]} 32. Bxe5 {[%emt 0:02:12]} Rxe5 {[%emt 0:00:23]} 33. R8d7+ {[%emt 0:01:23]} Kf8 {[%emt 0:00:43]} 34. Bc4 {[%emt 0:00:59]} Re7 {[%emt 0:00:15]} 35. Rd8+ {[%emt 0:00:19]} Re8 {[%emt 0:00:02]} 36. Bb5 {[%emt 0:00:22]} 1-0

[Event "80th ARM-ch 1st League 2019"]
[Site "Yerevan"]
[Date "2019.08.30"]
[Round "12.6"]
[White "Torosyan, Norayr"]
[Black "Gevorgyan, Albert"]
[Result "0-1"]
[WhiteElo "2365"]
[BlackElo "2175"]
[Annotator "NA"]
[PlyCount "98"]
[EventDate "2019.08.18"]
[EventType "tourn"]
[EventCountry "ARM"]
[SourceTitle "playchess.com"]
[Source "ChessBase"]
[SourceQuality "1"]
[TimeControl "40/5400+30:1800+30"]

1. e4 {[%emt 0:00:00]} e5 {[%emt 0:00:00]} 2. Nf3 {[%emt 0:00:27]} Nc6 {[%emt 0:00:21]} 3. d4 {[%emt 0:00:04]} exd4 {[%emt 0:00:12]} 4. Nxd4 {[%emt 0:00:04]} Qf6 {[%emt 0:00:32]} 5. Nb3 {[%emt 0:00:04]} Qg6 {[%emt 0:00:13]} 6. f3 {[%emt 0:00:05]} Bd6 {[%emt 0:00:15]} 7. Nc3 {[%emt 0:00:05]} Nge7 {[%emt 0:00:25]} 8. g3 {[%emt 0:00:06]} f5 {[%emt 0:05:00]} 9. Bd3 {[%emt 0:06:29]} O-O {[%emt 0:11:57]} 10. f4 {[%emt 0:08:45]} Bb4 $14 {[%emt 0:11:24]} 11. O-O {[%emt 0:01:04]} d6 {[%emt 0:15:44]} 12. exf5 {[%emt 0:23:21]} Bxf5 {[%emt 0:01:17]} 13. Bxf5 {[%emt 0:01:48]} Qxf5 {[%emt 0:09:12]} 14. g4 {[%emt 0:07:15]} Qf7 {[%emt 0:01:57]} 15. Ne4 {[%emt 0:03:32]} Qc4 {[%emt 0:04:10]} 16. Qd3 {[%emt 0:02:56]} Qxd3 {[%emt 0:03:17]} 17. cxd3 {[%emt 0:00:11]} a5 {[%emt 0:02:18]} 18. a3 {[%emt 0:08:03]} a4 {[%emt 0:00:30]} 19. axb4 {[%emt 0:00:05]} axb3 {[%emt 0:00:05]} 20. Rxa8 {[%emt 0:00:02]} Rxa8 {[%emt 0:00:05]} 21. f5 {[%emt 0:00:45]} d5 {[%emt 0:20:04]} 22. Nc5 {[%emt 0:04:23]} Nd4 {[%emt 0:08:33]} 23. Be3 {[%emt 0:01:58]} Nec6 24. f6 gxf6 {[%emt 0:02:13]} 25. Nd7 {[%emt 0:00:33]} f5 {[%emt 0:00:35]} 26. gxf5 {[%emt 0:01:50]} Kf7 {[%emt 0:00:12]} 27. Bxd4 {[%emt 0:11:33]} Nxd4 {[%emt 0:00:11]} 28. Ne5+ {[%emt 0:00:02]} Kf6 {[%emt 0:00:06]} 29. Ng4+ {[%emt 0:00:05]} Kg5 {[%emt 0:00:07]} 30. Ne3 {[%emt 0:00:08]} Re8 {[%emt 0:01:01]} 31. h4+ {[%emt 0:02:02]} Kxh4 {[%emt 0:02:32]} 32. Nxd5 {[%emt 0:00:37]} Kg3 {[%emt 0:00:44]} 33. Nf6 {[%emt 0:08:09]} Re2 {[%emt 0:00:44]} 34. Nh5+ {[%emt 0:04:13]} Kg4 {[%emt 0:00:21]} 35. Nf4 {[%emt 0:00:15]} Rxb2 {[%emt 0:00:40]} 36. f6 {[%emt 0:01:25]} Nf3+ {[%emt 0:00:31]} 37. Rxf3 {[%emt 0:00:05]} Kxf3 {[%emt 0:00:02]} 38. f7 {[%emt 0:00:34]} Rb1+ {[%emt 0:00:53]} 39. Kh2 {[%emt 0:00:04]} Rb2+ {[%emt 0:00:34]} 40. Kh3 {[%emt 0:00:00]} Rb1 {[%emt 0:00:00]} 41. Kh4 {[%emt 0:23:48]} Rh1+ {[%emt 0:00:21]} 42. Nh3 {[%emt 0:00:02]} Kg2 {[%emt 0:01:10]} 43. f8=Q Rxh3+ 44. Kg4 {[%emt 0:01:53]} Rg3+ {[%emt 0:00:41]} 45. Kh4 {[%emt 0:00:05]} b2 {[%emt 0:02:48]} 46. Qf5 {[%emt 0:06:01]} b1=Q {[%emt 0:00:55]} 47. Qe4+ {[%emt 0:00:02]} Kh2 {[%emt 0:00:23]} 48. Qe2+ {[%emt 0:03:09]} Rg2 {[%emt 0:00:08]} 49. Qe3 {[%emt 0:00:02]} Qxb4+ {[%emt 0:01:33]} 0-1

[Event "80th ARM-ch 1st League 2019"]
[Site "Yerevan"]
[Date "2019.08.30"]
[Round "12.7"]
[White "Chaqryan, Erik"]
[Black "Shahinyan, David"]
[Result "0-1"]
[WhiteElo "2105"]
[BlackElo "2452"]
[Annotator "ChessBase"]
[PlyCount "88"]
[EventDate "2019.08.18"]
[EventType "tourn"]
[EventCountry "ARM"]
[SourceTitle "playchess.com"]
[Source "ChessBase"]
[SourceQuality "1"]
[TimeControl "40/5400+30:1800+30"]

1. e4 {[%emt 0:00:00]} d6 {[%emt 0:01:34]} 2. d4 {[%emt 0:01:01]} Nf6 {[%emt 0:00:01]} 3. Nc3 {[%emt 0:00:36]} g6 {[%emt 0:00:01]} 4. f3 {[%emt 0:01:43]} c6 {[%emt 0:00:13]} 5. Be3 {[%emt 0:00:23]} Nbd7 {[%emt 0:00:15]} 6. Qd2 {[%emt 0:00:27]} Qa5 {[%emt 0:00:01]} 7. Nge2 {[%emt 0:02:08]} e5 {[%emt 0:00:45]} 8. O-O-O {[%emt 0:08:11]} b5 {[%emt 0:00:36]} 9. Bh6 {[%emt 0:10:03]} Bxh6 {[%emt 0:02:14]} 10. Qxh6 {[%emt 0:00:02]} b4 {[%emt 0:00:04]} 11. Nb1 {[%emt 0:00:05]} Qxa2 {[%emt 0:00:02]} 12. dxe5 {[%emt 0:08:23]} dxe5 {[%emt 0:00:18]} 13. Ng3 {[%emt 0:07:23]} a5 {[%emt 0:01:33]} 14. Rd6 {[%emt 0:18:29]} Bb7 {[%emt 0:08:43]} 15. Be2 {[%emt 0:06:03]} O-O-O {[%emt 0:13:18]} 16. Rhd1 {[%emt 0:03:26]} Nb6 {[%emt 0:07:54]} 17. Nf5 {[%emt 0:09:06]} Nfd7 {[%emt 0:15:19]} 18. Ne7+ {[%emt 0:05:22]} Kb8 {[%emt 0:00:03]} 19. Qe3 {[%emt 0:11:07]} Na4 {[%emt 0:05:39]} 20. Qb3 {[%emt 0:00:05]} Qxb3 {[%emt 0:00:05]} 21. cxb3 {[%emt 0:00:03]} Nac5 {[%emt 0:00:02]} 22. Bc4 {[%emt 0:00:04]} Kc7 {[%emt 0:00:01]} 23. Bxf7 {[%emt 0:00:36]} Rhf8 {[%emt 0:00:19]} 24. Bc4 {[%emt 0:01:31]} Rfe8 {[%emt 0:01:09]} 25. Nxg6 {[%emt 0:00:28]} hxg6 {[%emt 0:00:07]} 26. Rxg6 {[%emt 0:00:03]} Nb6 {[%emt 0:00:16]} 27. Rg7+ {[%emt 0:01:03]} Kb8 {[%emt 0:00:04]} 28. Rxd8+ {[%emt 0:00:31]} Rxd8 {[%emt 0:00:01]} 29. Rg8 {[%emt 0:00:16]} Nd3+ {[%emt 0:00:34]} 30. Kd1 {[%emt 0:00:48]} Rxg8 {[%emt 0:01:34]} 31. Bxg8 {[%emt 0:00:05]} Kc7 {[%emt 0:00:08]} 32. Kd2 {[%emt 0:00:48]} Ba6 {[%emt 0:00:16]} 33. Ke3 {[%emt 0:00:41]} Nxb2 {[%emt 0:00:15]} 34. h4 {[%emt 0:00:12]} Kd6 {[%emt 0:00:16]} 35. h5 {[%emt 0:00:19]} Ke7 {[%emt 0:00:04]} 36. g4 {[%emt 0:00:42]} a4 {[%emt 0:00:42]} 37. bxa4 {[%emt 0:00:12]} Kf8 {[%emt 0:04:19]} 38. Be6 {[%emt 0:00:22]} c5 {[%emt 0:01:00]} 39. g5 {[%emt 0:01:07]} c4 {[%emt 0:00:14]} 40. h6 {[%emt 0:00:00]} c3 {[%emt 0:00:00]} 41. Bb3 {[%emt 0:02:05]} N6c4+ {[%emt 0:03:00]} 42. Kf2 {[%emt 0:00:22]} Nd2 {[%emt 0:00:05]} 43. Nxd2 {[%emt 0:02:09]} cxd2 {[%emt 0:00:07]} 44. g6 {[%emt 0:00:02]} Bc4 {[%emt 0:00:03]} 0-1

[Event "80th ARM-ch 1st League 2019"]
[Site "Yerevan"]
[Date "2019.08.31"]
[Round "13.1"]
[White "Gevorgyan, Albert"]
[Black "Hoghmrtsyan, Artur"]
[Result "0-1"]
[WhiteElo "2175"]
[BlackElo "2317"]
[Annotator "NA"]
[PlyCount "98"]
[EventDate "2019.08.18"]
[EventType "tourn"]
[EventCountry "ARM"]
[SourceTitle "playchess.com"]
[Source "ChessBase"]
[SourceQuality "1"]
[TimeControl "40/5400+30:1800+30"]

1. d4 {[%emt 0:00:05]} d5 {[%emt 0:00:00]} 2. Nc3 {[%emt 0:00:20]} Nf6 {[%emt 0:00:06]} 3. Bf4 {[%emt 0:00:09]} e6 {[%emt 0:00:43]} 4. Nb5 {[%emt 0:00:10]} Na6 {[%emt 0:00:12]} 5. a3 {[%emt 0:00:07]} (5. e3 Be7 6. Nf3 O-O 7. Bd3 c6 8. Nc3 Nb4 9. h3 Nxd3+ 10. cxd3 b6 11. O-O Bb7 {0-1 (40) Rapport,R (2731)-Giri,A (2783) Wijk aan Zee 2019}) 5... Ne4 {[%emt 0:12:40]} 6. f3 {[%emt 0:02:10] D00: 1 d4 d5: Unusual lines} Nd6 {[%emt 0:05:13]} 7. Nc3 {[%emt 0:03:40]} c6 $146 {[%emt 0:05:13]} ({Predecessor:} 7... Nf5 8. Qd2 c5 9. e3 cxd4 10. exd4 Bd7 11. Nge2 Rc8 {0-1 (32) Stork,O (2116)-Khenkin,I (2560) Bad Homburg 2017}) 8. e4 {[%emt 0:03:14]} dxe4 {[%emt 0:02:28]} 9. fxe4 {[%emt 0:01:20]} b6 {[%emt 0:04:36]} 10. Qf3 {[%emt 0:07:05]} Nb8 {[%emt 0:01:00]} 11. O-O-O {[%emt 0:05:17]} Be7 {[%emt 0:03:22]} 12. Bd3 {[%emt 0:02:05]} O-O {[%emt 0:03:24]} 13. e5 {[%emt 0:01:10]} Nf5 {[%emt 0:02:12]} 14. Qh3 {[%emt 0:16:04]} Bg5 {[%emt 0:08:23] [#]} 15. Bxg5 {[%emt 0:01:34]} ({White has to play} 15. Bd2 $1 $18) 15... Qxg5+ {[%emt 0:00:02]} 16. Kb1 {[%emt 0:00:08]} Nh6 {[%emt 0:04:36]} 17. Nge2 {[%emt 0:05:46]} Nd7 {[%emt 0:06:16]} 18. Ne4 {[%emt 0:03:56]} (18. Qf3 $18) 18... Qg4 {[%emt 0:02:14]} 19. Qe3 {[%emt 0:00:10]} Nf5 {[%emt 0:00:15]} 20. Qf2 {[%emt 0:00:45]} c5 {[%emt 0:00:47]} 21. h3 {[%emt 0:11:10]} Qh4 {[%emt 0:00:12]} 22. g3 {[%emt 0:01:13]} Qe7 {[%emt 0:01:09]} 23. c3 {[%emt 0:03:46]} Bb7 {[%emt 0:02:32]} 24. g4 {[%emt 0:03:28]} Nh6 {[%emt 0:04:14]} 25. Rhg1 {[%emt 0:00:16]} f5 {[%emt 0:05:29] [#]} (25... f6 $16) 26. exf6 {[%emt 0:08:32]} (26. gxf5 $1 $18 Rxf5 27. Nf6+ Nxf6 28. Bxf5 (28. exf6 Rxf6 29. Qe3 Nf5 $11)) 26... Nxf6 {[%emt 0:00:15]} 27. Qh4 {[%emt 0:00:18]} Rae8 {[%emt 0:03:13]} 28. Ng5 $2 {[%emt 0:05:38] [#]} (28. Nxf6+ $16 {stays on course.} Rxf6 29. dxc5) 28... Ne4 $1 {[%emt 0:00:42] Pin} 29. Bb5 {[%emt 0:06:05]} Nxg5 {[%emt 0:06:00]} 30. Bxe8 {[%emt 0:00:45]} Rxe8 {[%emt 0:00:05]} 31. dxc5 {[%emt 0:00:49]} bxc5 {[%emt 0:00:46]} 32. Rgf1 {[%emt 0:00:54]} Nhf7 {[%emt 0:00:59]} 33. Qg3 {[%emt 0:00:26]} e5 {[%emt 0:01:48]} 34. h4 {[%emt 0:02:21]} Ne4 {[%emt 0:00:18]} 35. Qe3 {[%emt 0:00:01]} Bc6 {[%emt 0:01:41]} 36. g5 {[%emt 0:01:43]} Qe6 {[%emt 0:00:40]} 37. Rg1 {[%emt 0:00:47]} Rb8 {[%emt 0:01:09]} 38. Nc1 {[%emt 0:00:06]} Nfd6 {[%emt 0:00:19]} 39. Ka1 {[%emt 0:02:22]} Nc4 {[%emt 0:00:27]} 40. Qd3 {[%emt 0:00:00]} Nxb2 {[%emt 0:00:00]} 41. Qd8+ {[%emt 0:00:11]} Rxd8 {[%emt 0:01:02]} 42. Rxd8+ {[%emt 0:00:03]} Kf7 {[%emt 0:00:10]} 43. Kxb2 {[%emt 0:01:20]} Qh3 {[%emt 0:00:53]} 44. Rgd1 {[%emt 0:05:21]} Qxc3+ {[%emt 0:00:25]} 45. Kb1 {[%emt 0:00:53]} Qxa3 {[%emt 0:00:31]} 46. R1d3 {[%emt 0:00:54]} Nc3+ {[%emt 0:00:35]} 47. Kc2 {[%emt 0:00:06]} Ba4+ {[%emt 0:00:12]} 48. Kd2 {[%emt 0:00:06]} Qb2+ {[%emt 0:00:04]} 49. Ke3 {[%emt 0:01:42]} Qxc1+ {[%emt 0:00:16]} 0-1

[Event "80th ARM-ch 1st League 2019"]
[Site "Yerevan"]
[Date "2019.08.31"]
[Round "13.2"]
[White "Baghdasaryan, Vahe"]
[Black "Torosyan, Norayr"]
[Result "0-1"]
[WhiteElo "2373"]
[BlackElo "2365"]
[Annotator "NA"]
[PlyCount "104"]
[EventDate "2019.08.18"]
[EventType "tourn"]
[EventCountry "ARM"]
[SourceTitle "playchess.com"]
[Source "ChessBase"]
[SourceQuality "1"]
[TimeControl "40/5400+30:1800+30"]

1. e4 {[%emt 0:09:14]} c5 {[%emt 0:00:00]} 2. Nf3 {[%emt 0:00:22]} Nc6 {[%emt 0:00:00]} 3. d4 {[%emt 0:01:10]} cxd4 {[%emt 0:00:00]} 4. Nxd4 {[%emt 0:00:05]} g6 {[%emt 0:00:00]} 5. Nc3 {[%emt 0:00:24]} Bg7 {[%emt 0:00:00]} 6. Be3 {[%emt 0:00:04]} Nf6 $1 {[%emt 0:00:00]} 7. Bc4 {[%emt 0:00:15]} O-O {[%emt 0:00:09]} 8. Bb3 {[%emt 0:00:08]} Re8 {[%emt 0:00:17] B35: Sicilian: Accelerated Dragon with 5 Nc3: main line} 9. O-O {[%emt 0:00:44]} (9. f3 d5 10. exd5 Nb4 11. Nde2 e6 12. d6 Nbd5 13. Bd4 Qxd6 14. Bxd5 exd5 15. Qd2 b5 16. Nxb5 {½-½ (26) Caruana,F (2819)-Dubov,D (2700) Paris 2019}) 9... d6 {[%emt 0:00:10]} 10. h3 {[%emt 0:01:08]} Na5 {[%emt 0:00:20]} 11. Bg5 $146 {[%emt 0:01:37]} ({Predecessor:} 11. Qd2 b6 12. Rfe1 Bb7 13. Bh6 Rc8 14. Bxg7 Kxg7 15. Rad1 Nxb3 16. axb3 {1-0 (38) Amonatov,F (2620)-Adhiban,B (2666) Doha 2016}) 11... b6 {[%emt 0:07:18]} 12. Bxf6 {[%emt 0:17:40]} Bxf6 {[%emt 0:00:30]} 13. Bd5 {[%emt 0:01:01]} Ba6 {[%emt 0:07:36]} 14. Bxa8 {[%emt 0:05:39]} Bxf1 {[%emt 0:00:35]} 15. Bd5 {[%emt 0:00:50]} Ba6 {[%emt 0:00:53]} 16. b4 {[%emt 0:08:43]} Qc8 {[%emt 0:01:43]} 17. Ncb5 {[%emt 0:00:08]} Bxb5 {[%emt 0:04:38]} 18. bxa5 {[%emt 0:00:18]} Bd7 {[%emt 0:14:12]} 19. axb6 {[%emt 0:01:50] [#]} e6 $1 {[%emt 0:02:34]} ({Not} 19... axb6 20. Qd2 $17) 20. b7 {[%emt 0:02:08]} Qc5 {[%emt 0:01:18]} 21. Rb1 {[%emt 0:00:44]} Rb8 {[%emt 0:00:03]} 22. Nb3 {[%emt 0:00:08]} Qc7 {[%emt 0:02:27]} 23. e5 {[%emt 0:01:46]} Bxe5 {[%emt 0:00:05]} 24. Bf3 {[%emt 0:00:05]} d5 {[%emt 0:00:55]} 25. c4 {[%emt 0:01:59]} dxc4 {[%emt 0:19:00]} 26. Nc5 {[%emt 0:04:55]} Qxc5 {[%emt 0:01:02]} 27. Qxd7 {[%emt 0:00:03]} c3 {[%emt 0:01:33]} 28. Be4 {[%emt 0:06:06]} Bg3 {[%emt 0:06:01]} 29. Rf1 {[%emt 0:04:00]} Kg7 {[%emt 0:07:47]} 30. Qd3 {[%emt 0:03:16]} Be5 {[%emt 0:05:43]} 31. Kh1 $19 {[%emt 0:12:10]} (31. Rd1 $17) 31... Bd4 {[%emt 0:05:12]} 32. g4 {[%emt 0:03:43]} Bxf2 {[%emt 0:04:06]} 33. Qf3 {[%emt 0:02:41]} c2 {[%emt 0:00:43]} 34. Rc1 {[%emt 0:02:35]} Rxb7 {[%emt 0:03:46]} 35. Bxb7 {[%emt 0:06:12]} Be3 {[%emt 0:00:06]} 36. Rxc2 {[%emt 0:03:35]} Qxc2 {[%emt 0:00:09]} 37. Qxe3 {[%emt 0:00:06]} Qb1+ {[%emt 0:00:10]} 38. Kh2 {[%emt 0:00:06]} Qxb7 {[%emt 0:00:34]} 39. Qe5+ {[%emt 0:01:20]} Kg8 {[%emt 0:01:01]} 40. g5 {[%emt 0:00:00]} Qb6 {[%emt 0:00:00]} 41. a4 {[%emt 0:00:57]} a5 {[%emt 0:09:03]} 42. Qb5 {[%emt 0:07:41]} Qf2+ {[%emt 0:05:59]} 43. Kh1 {[%emt 0:00:46]} Qf5 {[%emt 0:00:18]} 44. h4 {[%emt 0:03:23]} h5 {[%emt 0:04:19]} 45. gxh6 {[%emt 0:00:13]} Kh7 {[%emt 0:00:09]} 46. Qb2 {[%emt 0:03:41]} e5 {[%emt 0:02:59]} 47. Qb5 {[%emt 0:08:50]} Qe4+ {[%emt 0:00:14]} 48. Kg1 {[%emt 0:00:13]} Qe1+ {[%emt 0:00:09]} 49. Kg2 {[%emt 0:00:05]} Kxh6 {[%emt 0:00:32]} 50. Kh3 {[%emt 0:01:02]} Kh5 {[%emt 0:02:58]} 51. Qc4 {[%emt 0:00:06]} f5 {[%emt 0:00:56]} 52. Qb5 {[%emt 0:01:24]} Qxh4+ {[%emt 0:00:58]} 0-1

[Event "80th ARM-ch 1st League 2019"]
[Site "Yerevan"]
[Date "2019.08.31"]
[Round "13.3"]
[White "Khojayan, Vardan"]
[Black "Mikaelyan, Arman"]
[Result "1/2-1/2"]
[WhiteElo "2236"]
[BlackElo "2454"]
[Annotator "TA"]
[PlyCount "22"]
[EventDate "2019.08.18"]
[EventType "tourn"]
[EventCountry "ARM"]
[SourceTitle "playchess.com"]
[Source "ChessBase"]
[SourceQuality "1"]

{[%evp 18,19,0,0]} 1. d4 d5 2. c4 c6 3. cxd5 cxd5 4. Nf3 Nf6 5. Bf4 Nc6 6. e3 Bf5 7. Bd3 Bxd3 8. Qxd3 e6 9. Nc3 Bd6 10. Bxd6 {Predecessor:} Qxd6 $146 11. O-O O-O {½-½ (11) Dreev,A (2670)-Mamedyarov,S (2817) St Petersburg 2018} 1/2-1/2

[Event "80th ARM-ch 1st League 2019"]
[Site "Yerevan"]
[Date "2019.08.31"]
[Round "13.4"]
[White "Sargsyan, Shant"]
[Black "Gharibyan, Mamikon"]
[Result "1/2-1/2"]
[WhiteElo "2540"]
[BlackElo "2365"]
[Annotator "TA"]
[PlyCount "27"]
[EventDate "2019.08.18"]
[EventType "tourn"]
[EventCountry "ARM"]
[SourceTitle "playchess.com"]
[Source "ChessBase"]
[SourceQuality "1"]

{[%evp 24,27,0,0,0,0]} 1. e4 e5 2. Nf3 Nc6 3. Bb5 a6 4. Bxc6 dxc6 5. O-O Bg4 6. h3 h5 7. c3 Qd3 8. hxg4 hxg4 9. Nxe5 Bd6 10. Nxd3 Bh2+ 11. Kh1 Bg3+ 12. Kg1 Bh2+ 13. Kh1 {[#]} Bf4+ $146 {C68: Ruy Lopez: Exchange Variation, sidelines} 14. Kg1 1/2-1/2

[Event "80th ARM-ch 1st League 2019"]
[Site "Yerevan"]
[Date "2019.08.31"]
[Round "13.5"]
[White "Harutyunian, Tigran K."]
[Black "Chaqryan, Erik"]
[Result "1/2-1/2"]
[WhiteElo "2555"]
[BlackElo "2105"]
[Annotator "ChessBase"]
[PlyCount "124"]
[EventDate "2019.08.18"]
[EventType "tourn"]
[EventCountry "ARM"]
[SourceTitle "playchess.com"]
[Source "ChessBase"]
[SourceQuality "1"]
[TimeControl "40/5400+30:1800+30"]

1. Nf3 {[%emt 0:00:00]} Nf6 {[%emt 0:00:00]} 2. g3 {[%emt 0:00:00]} g6 {[%emt 0:00:00]} 3. Bg2 {[%emt 0:00:01]} Bg7 {[%emt 0:00:00]} 4. d4 {[%emt 0:00:11]} O-O {[%emt 0:00:00]} 5. O-O {[%emt 0:00:04]} d6 {[%emt 0:00:09]} 6. Re1 {[%emt 0:00:07]} Nbd7 {[%emt 0:01:30]} 7. e4 {[%emt 0:00:19]} e5 {[%emt 0:00:10]} 8. Nc3 {[%emt 0:00:08]} exd4 {[%emt 0:01:43]} 9. Nxd4 {[%emt 0:00:15]} Re8 {[%emt 0:00:34]} 10. h3 {[%emt 0:01:24]} Nc5 {[%emt 0:01:29]} 11. Nb3 {[%emt 0:00:53]} Ne6 {[%emt 0:07:04]} 12. Be3 {[%emt 0:02:59]} a6 {[%emt 0:14:54]} 13. Qd2 {[%emt 0:01:36]} Rb8 {[%emt 0:02:44]} 14. Rad1 {[%emt 0:00:41]} b6 {[%emt 0:02:34]} 15. Bh6 {[%emt 0:09:42]} Bh8 {[%emt 0:14:31]} 16. f4 {[%emt 0:01:30]} Nd7 {[%emt 0:08:11]} 17. f5 {[%emt 0:09:19]} Nec5 {[%emt 0:01:26]} 18. Bg5 {[%emt 0:02:51]} Nxb3 {[%emt 0:10:59]} 19. axb3 {[%emt 0:00:25]} f6 {[%emt 0:00:30]} 20. Bh6 {[%emt 0:01:42]} Bg7 {[%emt 0:02:51]} 21. Nd5 {[%emt 0:01:03]} g5 {[%emt 0:02:52]} 22. Bxg7 {[%emt 0:04:37]} Kxg7 {[%emt 0:00:02]} 23. Qc3 {[%emt 0:00:16]} Rb7 {[%emt 0:02:14]} 24. Nb4 {[%emt 0:11:15]} Ne5 {[%emt 0:06:04]} 25. Nxa6 {[%emt 0:03:42]} Ra7 {[%emt 0:00:20]} 26. Nb4 {[%emt 0:00:24]} Bb7 {[%emt 0:00:06]} 27. Nd3 {[%emt 0:02:48]} Qb8 {[%emt 0:06:57]} 28. b4 {[%emt 0:00:45]} Re7 {[%emt 0:01:54]} 29. Nc1 {[%emt 0:01:55]} Bc6 {[%emt 0:08:42]} 30. Nb3 {[%emt 0:00:47]} Bd7 {[%emt 0:01:06]} 31. Nd4 {[%emt 0:00:06]} Qa8 {[%emt 0:02:03]} 32. b5 {[%emt 0:00:37]} Re8 {[%emt 0:00:28]} 33. Bf1 {[%emt 0:00:37]} Re7 {[%emt 0:01:44]} 34. Bc4 {[%emt 0:00:11]} Nxc4 {[%emt 0:00:24]} 35. Qxc4 {[%emt 0:00:02]} Re5 {[%emt 0:00:07]} 36. b4 {[%emt 0:01:23]} h6 {[%emt 0:01:02]} 37. Qe2 {[%emt 0:04:03]} Qe8 {[%emt 0:00:20]} 38. Nf3 {[%emt 0:00:50]} Rxb5 {[%emt 0:00:36]} 39. c3 {[%emt 0:04:10]} Qh5 {[%emt 0:00:32]} 40. Kh2 {[%emt 0:00:00]} Ra3 {[%emt 0:00:00]} 41. Rc1 {[%emt 0:15:31]} Qf7 {[%emt 0:12:11]} 42. Rc2 {[%emt 0:00:46]} h5 {[%emt 0:05:05]} 43. Rb1 {[%emt 0:02:05]} c5 {[%emt 0:04:24]} 44. Nd2 {[%emt 0:05:49]} d5 {[%emt 0:05:34]} 45. e5 {[%emt 0:15:08]} Bxf5 {[%emt 0:01:51]} 46. Qxb5 {[%emt 0:02:14]} Bxc2 {[%emt 0:00:02]} 47. Rf1 {[%emt 0:00:02]} f5 {[%emt 0:00:59]} 48. bxc5 {[%emt 0:00:13]} bxc5 {[%emt 0:00:41]} 49. Qb2 {[%emt 0:00:10]} Qa7 {[%emt 0:01:32]} 50. Qxc2 {[%emt 0:00:15]} Ra2 {[%emt 0:00:03]} 51. Qd3 {[%emt 0:00:23]} c4 {[%emt 0:00:28]} 52. Qe2 {[%emt 0:01:07]} d4 {[%emt 0:01:04]} 53. e6 {[%emt 0:01:33]} Qe7 {[%emt 0:01:10]} 54. Rf3 {[%emt 0:03:57]} dxc3 {[%emt 0:02:16]} 55. Rxc3 Qd6 56. e7 {[%emt 0:04:41]} Qxd2 {[%emt 0:00:05]} 57. Qxd2 {[%emt 0:00:46]} Rxd2+ {[%emt 0:00:01]} 58. Kg1 {[%emt 0:00:06]} Re2 {[%emt 0:01:58]} 59. Rxc4 {[%emt 0:00:15]} Rxe7 {[%emt 0:00:06]} 60. Kf2 {[%emt 0:00:46]} Re2+ 61. Kg1 Rd2 62. Rc3 Kf7 1/2-1/2